00513nam a22001457a 450000500170000002000180001708200160003510000350005124500720008626000370015830000110019594200120020699900190021895201300023720260423113939.0 a9788197277450 a338.1 SIN.L aPrathap Singh, Dr Bhanu913678 aUnderstanding the minimum support price b: Issues and challenges / aJaipur :bYking books , cc2024. a136 p. 2ddccBK c758917d758917 00102ddc4070aBOTbBOTcGENd2026-04-23eSouthern Book Starl0o338.1 SIN.LpBOT10978r2026-04-23 12:23:34w2026-04-23yBK